00426 2200157 4500001002100000008004100021035002000062245004800082100003200130260002800162300002200190020002200212084001400234082000800248990001200256INLIS000000000002861 IND  a0010-0925000208 aJembatan HororcNikmatus S. & Eka Yudistira aNikmatus S. & Eka Yudistira aJakartabEuthaniac2015 a160c(13 x 19 cm) a978-602-1010-84-6 a813 EKA j a813 a0755083